000 00702nam a22002297a 4500
005 20230512221847.0
008 180419t xxu||||| |||| 00| 0 eng d
020 _a978118367599
040 _cCSPC
082 0 _a518
_bEp73i
100 _aEpperson, James F.,
_eauthor.
245 0 0 _aAn introduction to numerical methods and analysis
_cJames F. Epperson
250 _a2nd
_bEdition
260 _aNew Jersey :
_bJohn Wiley & Sons,
_c2013.
300 _avii, 591 pages :
_bfigures, tables ;
_c26 cm
500 _aIncludes Index.
650 1 0 _aNumerical analysis.
940 _aLenie
942 _cBOOK
_jCIR 518 Ep73i 2013
999 _c3503
_d3503